Statistiche per Elenca la formazione - Quiz n°218

Clicka qui per fare il quiz!

Statistiche generali

  • Questo quiz è stato fatto 15 volte
  • Il punteggio medio è 8 su 11

Statistiche sulle risposte

RuoloNazioneCalciatore% Corretto
CentrocampistaPaesi BassiFrenkie de Jong
100%
DifensoreSpagnaJordi Alba
100%
PortiereGermaniaMarc-André ter Stegen
100%
CentrocampistaSpagnaSergio Busquets
100%
DifensoreSpagnaGerard Piqué
93%
AttaccanteFranciaOusmane Dembélé
87%
DifensoreUruguayRonald Araújo
87%
AttaccanteFrancia / GabonPierre-Emerick Aubameyang
80%
AttaccanteSpagnaFerrán Torres
67%
DifensoreSpagnaEric García
27%
CentrocampistaSpagnaNico González
0%

Distribuzione punteggi

Percentile per numero di risposta

Percentuale di utenti per punteggio

I tuoi punteggi nel tempo

Non hai fatto questo quiz